Statistics for Countries and Capitals by First and Last Letter

Click here to take the quiz!

General Stats

  • This quiz has been taken 1,563 times
  • The average score is 16 of 27

Answer Stats

Answer% Correct
Haiti
88%
Tuvalu
86%
Rwanda
79%
Jamaica
75%
Ireland
75%
Senegal
73%
Iceland
73%
Romania
70%
Jakarta
69%
Norway
69%
Seoul
68%
Lebanon
66%
London
65%
Russia
65%
Comoros
61%
Islamabad
56%
Niamey
49%
Hanoi
49%
Helsinki
45%
Lisbon
43%
Liechtenstein
43%
Caracas
43%
Juba
42%
Riga
41%
Cyprus
37%
Thimphu
26%
Castries
23%

Score Distribution

Percentile by Number Answered

Percent of People with Each Score

Your Score History

You have not taken this quiz